| 000 | 00903ngm a22002657a 4500 | ||
|---|---|---|---|
| 005 | 20220614161751.0 | ||
| 008 | 150518b xxu||||| |||| 00| 0 spa d | ||
| 041 | _aspa | ||
| 082 | _a370 DVD | ||
| 110 |
_aUNED _93215 |
||
| 245 | _aNeurociencia y educación (VII Convención Mundial de Estimulación Prenatal y Desarrollo Infantil) | ||
| 260 | _aCosta Rica | ||
| 260 | _bUNED | ||
| 260 | _c2014 | ||
| 300 | _a11 minutos | ||
| 440 |
_aVII Convención Mundial de Estimulación Prenatal y Desarrollo Infantil _98599 |
||
| 500 | _aColoquio del Centro de Investigación en Neurociencia relacionada con psicología educativa en el Ministerio de Educación | ||
| 650 |
_aCOSTA RICA _963724 |
||
| 650 |
_aESTIMULACIÓN PRENATAL _98601 |
||
| 650 |
_aNEUROCIENCIA _9269 |
||
| 650 |
_aNEUROLOGÍA INFANTIL _963725 |
||
| 650 |
_aDESARROLLO INFANTIL _963726 |
||
| 650 |
_aEDUCACIÓN _9286 |
||
| 942 | _cDVD | ||
| 999 |
_c5944 _d5944 |
||